header

Among the enemy (Record no. 40916)

MARC details
000 -LEADER
fixed length control field 01721nam a2200409Ia 4500
082 04 - DEWEY DECIMAL CLASSIFICATION NUMBER
Classification number 973.7/8
100 1# - MAIN ENTRY--AUTHOR NAME
Personal name Kimball, William Horton,
245 10 - TITLE STATEMENT
Title Among the enemy
260 ## - PUBLICATION, DISTRIBUTION, ETC. (IMPRINT)
Place of publication Detroit :
Name of publisher Wayne State University Press,
Year of publication c2013.
300 ## - PHYSICAL DESCRIPTION
Number of Pages xiv, 168 p. :
Other physical details ill.
490 0# - SERIES STATEMENT
Series statement Great Lakes books
650 #0 - SUBJECT ADDED ENTRY--TOPICAL TERM
Topical Term History
700 1# - ADDED ENTRY--PERSONAL NAME
Personal name Hoffman, Mark,
856 40 - ELECTRONIC LOCATION AND ACCESS
Uniform Resource Identifier http://site.ebrary.com/lib/rucke/Doc?id=10715457

No items available.

© 2026 Rongo University
Contact us: librarian | system librarian | Rongo university